K problematike liečby závislosti od nikotínu

Bibliographic Details
Main Author: Szemzö, Ivana (Author)
Format: Article
Language:Slovak
Subjects:

MARC

LEADER 00000nab a2200000 a 4500
001 vtls000828009
003 SK-MaSNL
005 20260304210356.0
008 160324c2002 xo 0 slo
015 |a SNBRB2003/03-08030 
035 |a CLN000179664 
040 |a SNKBUCL  |b slo  |c SNKBUCL  |e AACR2 
041 0 |a slo 
044 |a xo  |c SK 
080 |a 613.84:615.851  |2 1997 
100 1 |a Szemzö, Ivana  |4 aut  |9 811055 
245 1 0 |a K problematike liečby závislosti od nikotínu  |c Ivana Szemzö 
650 0 7 |a fajčenie  |2 SNKPH  |9 2509 
650 0 7 |a závislosť (psychológia)  |2 SNKPH  |9 473607 
650 0 7 |a nikotín  |2 SNKPH  |9 16227 
650 0 7 |a psychoterapia  |2 SNKPH  |9 2575 
655 7 |a články z novín a časopisov  |2 SNK  |9 267496 
773 0 |x 1335-7638  |t Spravodajské listy  |g Roč. 2, č. 1-2 (2002), s. 9 
850 |a Slovenská národná knižnica v Martine 
852 |a SNK  |b KIS3GCP 
958 |a MI 
958 |a RBX 
999 |c 3125813  |d 3127743